|
|
|
|
| LEADER |
00000nam0a2200000 4500 |
| 001 |
167750 |
| 005 |
20231031162856.0 |
| 035 |
|
|
|a (RuTPU)RU\TPU\book\181987
|
| 090 |
|
|
|a 167750
|
| 100 |
|
|
|a 20091020d1990 m y0rusy50 ca
|
| 101 |
0 |
|
|a rus
|
| 102 |
|
|
|a AM
|
| 105 |
|
|
|a a z 001zy
|
| 200 |
1 |
|
|a Электромеханические комплексы в транспорте и автономной энергетике
|e сборник научных трудов по электротехнике
|f Ереванский политехнический институт ; под ред. Ю. С. Чатиняна
|
| 210 |
|
|
|a Ереван
|c Изд-во Ереванского политех. института
|d 1990
|
| 215 |
|
|
|a 102 с.
|c ил.
|
| 320 |
|
|
|a Библиогр. в конце ст.
|
| 610 |
1 |
|
|a электрический транспорт
|
| 610 |
1 |
|
|a электроэнергетические системы
|
| 610 |
1 |
|
|a теория
|
| 610 |
1 |
|
|a надежность
|
| 610 |
1 |
|
|a диагностика
|
| 610 |
1 |
|
|a материалоемкость
|
| 610 |
1 |
|
|a гидрогенераторы
|
| 610 |
1 |
|
|a асинхронные двигатели
|
| 610 |
1 |
|
|a электромагнитные реле
|
| 675 |
|
|
|a 621.313
|v 3
|
| 702 |
|
1 |
|a Чатинян
|b Ю. С.
|4 340
|
| 712 |
0 |
2 |
|a Ереванский политехнический институт
|2 stltpush
|3 (RuTPU)RU\TPU\col\9965
|
| 801 |
|
1 |
|a RU
|b 63413507
|c 20091020
|
| 801 |
|
2 |
|a RU
|b 63413507
|c 20100712
|g RCR
|
| 942 |
|
|
|c BK
|